| 000 | 00745nam a2200265Ia 4500 | ||
|---|---|---|---|
| 003 | OSt | ||
| 005 | 20221006142501.0 | ||
| 006 | a|||||r|||| 00| 0 | ||
| 007 | ta | ||
| 008 | 221006b |||||||| |||| 00| 0 eng d | ||
| 024 | _a6,452 | ||
| 037 |
_bGift, _cTextual |
||
| 040 |
_aEASL _cEASL _beng |
||
| 041 |
_2eng _aeng |
||
| 082 | _aY.41.N6, K31 | ||
| 100 |
_aKLOCHKO Mikhail A _9647813 |
||
| 245 | 0 | _aSoviet scientist in China | |
| 260 |
_aLondon _bHollis & Garter _c1963 |
||
| 300 |
_a192p. _ccm. |
||
| 490 | _v CEL | ||
| 650 |
_aSCIENTIST - CHINA _9647814 |
||
| 700 |
_a MACANDREW Andrew Tr. _9647815 |
||
| 942 |
_hY.41.N6, K31 _cTEXL _2CC |
||
| 999 |
_c1074538 _d1074538 |
||